[Event "Bermuda-A"]
[Site "Bermuda"]
[Date "2003.01.27"]
[Round "3"]
[White "Gershon, Alik"]
[Black "Miton, Kamil"]
[Result "1/2-1/2"]
[WhiteElo "2571"]
[BlackElo "2544"]
[Annotator "Lutz,C"]
[PlyCount "69"]
[EventDate "2003.01.25"]
[EventType "tourn"]
[EventRounds "11"]
[EventCountry "BER"]
[EventCategory "15"]
[SourceTitle "CBM 094"]
[Source "ChessBase"]
[SourceDate "2003.05.26"]
[SourceVersion "1"]
[SourceVersionDate "2003.05.26"]
[SourceQuality "1"]

1. d4 d5 2. c4 c6 3. Nf3 Nf6 4. Nc3 e6 5. Bg5 h6 6. Bh4 dxc4 7. e4 g5 8. Bg3 b5
9. Be2 Bb7 10. h4 g4 11. Ne5 Rg8 $5 {[%mdl 4] Dieser Zug von Vallejo Pons hat
sich als wichtige Alternative zu 11...h5 etabliert.} (11... h5 12. O-O Nbd7 13.
Qc2 Nxe5 14. Bxe5 Bg7 15. Bg3 $1 {Sakaevs wichtige Neuerung.} Qxd4 (15... O-O
$5) {Nach} 16. Rad1 $6 ({Sakaevs Empfehlung} 16. Rfd1 Qb6 17. a4 {erscheint
sinnvoller.}) 16... Qb6 17. e5 Nd5 18. Ne4 O-O-O 19. Nd6+ Rxd6 20. exd6 f5 {
stand Weiss aber eher schlechter. Zwar hat Weiß die Qualität gewonnen, aber
der schwarze König ist relaiv sicher und die schwarzen Bauern verhindern ein
weißes Eindringen. - Wu Shaobin-Al Sayed,M/ Asia-ch Doha 2003 [Lutz] 0-1 (50)})
12. Nxg4 (12. h5 $6 Nbd7 13. Nxd7 Nxd7 14. Bxg4 Qb6 15. O-O Rd8 $36 {Timman,
J-Vallejo Pons,F/ Pamplona 1999}) (12. O-O Nbd7 13. Nxg4 b4 $5 (13... Nh5 14.
e5 Nxg3 15. fxg3 Qb6 16. a4 {1/2-1/2 Glek,I-Dreev,A/ Essen 2000 [Lutz] (16)} a6
$13) 14. Na4 (14. Nxf6+ {Gurevich} Nxf6 15. e5 bxc3 16. exf6 cxb2 17. Rb1 $13)
14... Nxe4 15. Bxc4 Qa5 16. b3 {Xu Jun-Gurevich,M/ Shenyang 2000 [Gurevich] 
(31)} O-O-O $5 {Gurevich} 17. Qe2 Nxg3 18. fxg3 Qh5 $1 19. Ne5 Qxe2 20. Bxe2
Nxe5 21. dxe5 Rd2 $15) 12... Nbd7 (12... Nxg4 13. Bxg4 Nd7 14. O-O Nf6 15. Be2
(15. Bf3 $5 Qb6 16. Qd2) 15... Qb6 16. a4 Bb4 17. Be5 Nd7 18. Bf4 Rd8 19. Be3
c5 {Khalifman,A-Acs,P/ Essent Crown Hoogeveen 2002} 20. d5 $5 $13) 13. e5 (13.
Nxf6+ Qxf6 (13... Nxf6 14. Bf3 Qb6 15. Qd2 h5 16. O-O Rd8 17. Ne2 c5 18. d5
exd5 19. exd5 Bxd5 20. Qf4 Bxf3 21. Qxf3 Rd3 22. Qf4 Be7 23. Rfe1 Nd5 24. Qe5
Qb7 25. Qxh5 $36 {1-0 Rogozenko,D-Cosma,I/ Sovata 2001 (41)}) 14. Bf3 e5 15. d5
Bc5 16. h5 Bd4 17. Bh4 Qd6 18. dxc6 Bxc6 19. O-O a6 20. a4 b4 21. Ne2 a5 22.
Qc1 Qe6 23. Rd1 Bb6 24. Ng3 Rxg3 25. Bxg3 Bd4 26. Rxd4 exd4 27. Qd2 d3 28. b3
Nc5 29. bxc4 Nb3 30. Qxd3 Nxa1 31. Qb1 Qf6 32. e5 Qe6 33. Bxc6+ Qxc6 34. Qxa1
O-O-O 35. Qc1 b3 36. e6 fxe6 37. Be5 Qe4 38. f4 Qe2 39. Qc3 Qd1+ 40. Kh2 Qxh5+
41. Kg1 Rd1+ 42. Kf2 Qh4+ 43. Ke2 b2 44. Qxb2 Qe1+ 45. Kf3 Rd3+ 46. Kg4 Rg3+ {
0-1 Komljenovic,D-Korneev,O/ Sevilla op 2003}) 13... Nxg4 14. Bxg4 Qb6 {
[%csl Rb6,Rg8][%cal Yg8g1,Yb6g1] Schwarz hat den Bauern zurückgegeben, hat
aber potenzielles Spiel entlang der Diagonalen b6-g1 und der g-Line.} 15. a4 (
15. O-O O-O-O 16. b3 Nb8 17. Qf3 Qxd4 18. Bh3 Bb4 19. Rad1 Rxg3 20. Qxg3 Qxc3
21. Rxd8+ Kxd8 22. Qg8+ Kc7 23. Rd1 Bc8 24. Qxf7+ Kb6 25. Qe8 Qc2 26. Bg4 Kb7
27. Qf7+ Bd7 28. Rxd7+ Nxd7 29. Qxd7+ Kb6 30. Qd8+ Kc5 31. Qd6+ Kb6 32. Qb8+
Kc5 33. Qxa7+ Kd5 34. Qe3 {1-0 Sakaev,K-Lastin,A/ Panormo 2001 (34)}) 15...
O-O-O $5 {Schwarz lässt zu, dass seine Dame vorübergehend auf a6 begraben wird.
} (15... a6 16. axb5 cxb5 17. d5 O-O-O 18. Kf1 h5 19. Bxh5 Rxg3 20. fxg3 Nxe5
21. Qe2 Bg7 22. d6 Rxd6 $17 {0-1 Sambuev,B-Yevseev,D/ Tula 2001 (36)}) 16. a5
Qa6 17. O-O c5 18. d5 b4 19. dxe6 fxe6 20. Na4 {Auf a4 steht der weiße
Springer natürlich schlecht. Aber andererseits hatte Weiß keine Alternativen.
Für mich sieht es so aus, als stünde Schwarz besser.} Bd5 21. Bf3 Qc6 $17 22.
Qe2 (22. Bxd5 exd5) 22... Bxf3 23. gxf3 Be7 24. Kh2 Rdf8 25. Qe4 Qxe4 26. fxe4
Rf3 27. Rfc1 Rgxg3 28. fxg3 Nxe5 29. Kg2 Rb3 30. Rc2 Kc7 31. Rf2 Kc6 32. Nb6 $5
Kc7 $2 {Die folgende Zugwiederholung erscheint merkwürdig (Zeitnot?).} (32...
c3 33. Nc8 (33. bxc3 axb6 34. a6 Ra3 35. Rfa2 Nc4 {und der a-Bauer ist
gestoppt.}) 33... cxb2 34. Rb1 (34. Nxe7+ Kd7 35. Rb1 {- 34.R b1}) 34... Kd7
35. Nxe7 Kxe7 36. Rbxb2 Rxb2 37. Rxb2 Nd3 38. Rb1 c4 $19) (32... axb6 $5 33. a6
Ra3 34. bxa3 b3 $17 {sieht ebenfalls vielversprechend aus.}) 33. Na4 Kc6 34.
Nb6 Kc7 35. Na4 1/2-1/2

[Event "Escaldes zt"]
[Site "Escaldes"]
[Date "1998.11.06"]
[Round "1"]
[White "Bacrot, Etienne"]
[Black "Cekro, Ekrem"]
[Result "1-0"]
[WhiteElo "2555"]
[BlackElo "2385"]
[Annotator "Lutz,C"]
[PlyCount "97"]
[EventDate "1998.11.06"]
[EventType "swiss"]
[EventRounds "9"]
[EventCountry "AND"]
[SourceTitle "CBM 068"]
[Source "ChessBase"]
[SourceDate "1999.02.01"]
[SourceVersion "1"]
[SourceVersionDate "1999.02.01"]
[SourceQuality "1"]

1. d4 Nf6 2. Nf3 e6 3. c4 d5 4. Nc3 c6 5. Bg5 h6 6. Bxf6 Qxf6 7. e3 Nd7 8. Rc1
$5 {Wahrscheinlich ist es nicht so effektiv, die Turmstellung so früh
festzulegen. Vielleicht macht 8.Rc1 gegen den derzeit populäreren Aufbau mit ..
.g7-g6 einen tieferen Sinn !?} (8. Bd3) 8... Bd6 9. Bd3 O-O 10. O-O Qe7 (10...
dxc4 11. Bxc4 Qe7 12. Ne4 Bc7 13. Qc2) 11. e4 (11. c5 {ist eigentlich der
normale Zug (wenn Rc1 und ...0-0 noch nicht geschehen sind). Hier wirkt sich
allerdings Rc1 als Tempoverlust aus, denn Schwarz kann} Bc7 12. e4 dxe4 13.
Nxe4 e5 {spielen, in vergleichbarer Stellung hat Weiß bereits seinen Turm auf
e1.}) 11... dxc4 12. Bxc4 e5 13. d5 Nb6 {In der Regel hat Schwarz hier keine
Probleme, aber durch sein weiteres ungenaues Spiel gibt er dem Weißen die
Möglichkeit, seinen strukturellen Vorteil auszubauen.} 14. dxc6 $5 $146 {
[%mdl 8]} (14. Bb3 Bg4 {ist weniger genau.}) 14... bxc6 (14... Nxc4 15. Nd5)
15. Be2 Bg4 $6 {Wahrscheinlich ein Tempoverlust.} (15... Be6 $5) 16. Nd2 $14 {
Natürlich läßt Weiß nicht zu. daß Schwarz mittels ...Bxf3 Kontrolle über das
Feld d4 erlangt.} Be6 17. Bg4 Rfd8 18. Bxe6 Qxe6 19. Qe2 Bc5 $6 {Die Besetzung
von d4 ist unwesentlich, da Weiß am Damenflügel eine Druckstellunbg aufbauen
kann.} (19... Bb4 $5 {Nutzt aus, daß die Dame die Diagonale a2-g8 kontrolliert.
} 20. a3 (20. Nb3 a5 $5) 20... Bc5 $5 {Weiß hat es nicht so einfach, den Nd2
nach a5 zu bekommen, da das Feld b3 geschwächt ist. Schwarz beabsichtigt ...
Bd4.} (20... Bxc3 21. Rxc3 $14)) 20. Nb3 Bd4 $6 {Fritz5.32 schreibt : "Die
Sturmspitze auf d4". Allerdings ist der schwarze Läufer wenig effektiv, in
einigen Zügen wird er zum Angriffsobjekt.} (20... Bb4 $5 {Der Springer gelangt
nicht nach a5.}) 21. Na5 Rd6 22. b4 Qg6 $6 {Ein Tempoverlust.} 23. Nb1 Qe6 24.
Rc2 Qd7 25. Kh1 Nc8 26. Nd2 $16 Rb8 27. a3 Ne7 28. Ndc4 Rg6 29. Rd1 Qc7 30. Nb3
Rd8 31. Rcd2 Re6 32. f4 {Der Bd4 wird ausgehebelt.} Re8 33. fxe5 c5 (33... Bxe5
$2 34. Nc5 Rg6 35. Na6 $18) 34. Nxd4 cxd4 35. Rxd4 Ng6 36. Rd7 Qb8 37. Qf2 R6e7
38. h3 Qb5 39. Qd4 Nxe5 40. Nxe5 Rxe5 41. Qxa7 Rxe4 42. Qf2 Qc4 43. Rd8 Qc3 44.
Rxe8+ Rxe8 45. Rf1 Re7 46. Qf3 Qb2 47. Qd3 Re2 48. Qd5 Kh7 49. Rxf7 1-0

[Event "Pamplona"]
[Site "Pamplona"]
[Date "1999.12.30"]
[Round "4"]
[White "Timman, Jan H"]
[Black "Vallejo Pons, Francisco"]
[Result "0-1"]
[WhiteElo "2650"]
[BlackElo "2519"]
[Annotator "Lutz,C"]
[PlyCount "56"]
[EventDate "1999.12.27"]
[EventType "tourn"]
[EventRounds "9"]
[EventCountry "ESP"]
[EventCategory "15"]
[SourceTitle "CBM 075"]
[Source "ChessBase"]
[SourceDate "2000.04.05"]
[SourceVersion "1"]
[SourceVersionDate "2000.04.05"]
[SourceQuality "1"]

1. d4 d5 2. c4 c6 3. Nf3 Nf6 4. Nc3 e6 5. Bg5 h6 6. Bh4 dxc4 7. e4 g5 8. Bg3 b5
9. Be2 Bb7 10. h4 g4 11. Ne5 Rg8 $5 $146 (11... h5 12. O-O Nbd7 13. Qc2 Nxe5
14. Bxe5 Rg8 15. Rad1 $44 {1/2-1/2 Notkin,M-Galkin,A/Maikop 1998/CBM 66/[Lutz]
(22)} (15. Rad1)) (11... Nbd7) 12. h5 $5 {Timman greift den Stier bei den
Hörnern und versucht das Fehlen von ...h6-h5 auszunutzen. Aber der Textzug
erscheint zu langsam.} (12. O-O $5 Nbd7 13. Qc2 Nxe5 14. Bxe5 Nd7 15. Bg3 {
würde zu einer Stellung ähnlich zu Notkin-Galkin führen, allerdings hätte
Schwarz das Tempo ...h6-h5 gespart.}) (12. Nxg4 $5 {Warum nicht den Bauern
nehmen ?}) 12... Nbd7 13. Nxd7 Nxd7 14. Bxg4 Qb6 15. O-O Rd8 {[%csl Rd1,Rg1]
[%cal Yd8d1,Yb6g1,Yg8g1] Schwarz hat auf einmal kräftiges Druckspiel entlang
der d- und g-Linie und entlang der Diagonalen b6-g1.} 16. e5 (16. Bh3 Rxg3 17.
fxg3 Ne5 18. Ne2 Bc5 $44) 16... Nf6 $1 $17 {Jetzt öffnen sich alle Schleusen.}
17. Bxe6 (17. exf6 Rxd4 $17) 17... Rxd4 18. Qe2 (18. Qf3 c5 19. Qxf6 fxe6 {
/\ ...Qc6} 20. Nxb5 Be7 $17) 18... Nd5 19. Bxd5 (19. Bh3 Rxg3 $19) 19... cxd5
20. Kh2 b4 21. Nd1 Re4 22. Qd2 Rg5 23. Ne3 d4 $19 24. Rad1 (24. Nxc4 Rh4+ 25.
Kg1 Qe6 $1 $19 {/\ ...Qc4, /\ ...Rh1!}) 24... Bc5 25. Qe2 (25. Nxc4 Rh4+ 26.
Kg1 Rxg3 $1 $19) 25... dxe3 26. f4 Rg8 27. b3 Qe6 28. f5 Qxe5 $1 {Danach hatte
Weiß endgültig genug. Eine kraftvolle Vorstellung des jungen Spaniers.} (28...
Qxe5 29. Bxe5 Rh4+ 30. Kg1 Bxg2 $1 31. Qxg2 e2+ 32. Bd4 Bxd4+ 33. Rxd4 Rxg2+
34. Kxg2 exf1=Q+ 35. Kxf1 Rxd4 $19) 0-1

[Event "Mermaid Beach Club"]
[Site "Bermuda"]
[Date "1999.01.30"]
[Round "10"]
[White "Gershon, Alik"]
[Black "Pelletier, Yannick"]
[Result "1-0"]
[WhiteElo "2467"]
[BlackElo "2483"]
[Annotator "Lutz,C"]
[PlyCount "63"]
[EventDate "1999.01.21"]
[EventType "tourn"]
[EventRounds "13"]
[EventCountry "BER"]
[EventCategory "9"]
[SourceTitle "CBM 069"]
[Source "ChessBase"]
[SourceDate "1999.04.01"]
[SourceVersion "1"]
[SourceVersionDate "1999.04.01"]
[SourceQuality "1"]

1. d4 d5 2. c4 c6 3. Nf3 Nf6 4. Nc3 e6 5. Bg5 h6 6. Bh4 dxc4 7. e4 g5 8. Bg3
Bb4 $5 9. Qc2 (9. Bxc4) 9... b5 10. Be2 $146 (10. O-O-O $6 {In der
Gambit-Variante mit 6.Bh4 ist es selten eine gute Idee, lang zu rochieren.} Qa5
11. h4 g4 12. Ne5 Bb7 13. h5 Nbd7 14. Be2 Nb6 15. Bh4 Be7 16. a3 Nfd7 17. Bxe7
Kxe7 18. Nxg4 c5 19. Qd2 b4 20. dxc5 bxc3 21. Qd6+ Ke8 22. cxb6 cxb2+ 23. Kxb2
Qxb6+ 24. Ka1 Qxd6 25. Rxd6 Ke7 26. Rhd1 Nc5 27. Bxc4 Bxe4 28. Ne3 Rab8 29.
R6d4 Bc6 30. Rc1 Rhc8 31. Rb1 Ne4 32. f3 Rxb1+ 33. Kxb1 Ng3 34. Rh4 Rg8 35. Rg4
Kf8 36. Rh4 Rg5 37. Bd3 Rxh5 38. Rc4 Bb5 39. Rc8+ Kg7 40. Bc2 Re5 41. Ng4 Re1+
42. Kb2 Bf1 43. f4 Bxg2 44. Rc7 Be4 45. Bb3 Rb1+ 46. Ka2 Ne2 {0-1 Matveeva,
S-Chiburdanidze,M/Belgrade 1996/EXT 97 (46)}) 10... g4 $6 11. Ne5 h5 12. O-O
Bb7 {Wenn Schwarz nicht 11...Qxd4 oder 12...Qxd4 spielen will, kann er sich
auch ...g5-g4 sparen.} 13. Rad1 Be7 {Es scheint mir, als hätte Schwarz
ungefähr drei Tempi verschwendet (...Bf8-b4-e7, ...g5-g4, ...h6-h5).} 14. d5
cxd5 15. exd5 Nxd5 16. Nxb5 h4 17. Bf4 Nd7 18. Rxd5 Bxd5 19. Ng6 e5 20. Nxe5
Qb6 (20... Nxe5 $142 21. Bxe5 Rh5 $16) 21. Nxc4 $18 {Die schwarze Stellung
liegt in Trümmern.} Qc6 22. Nc7+ Kf8 23. Nxd5 (23. Nxa8 $5 Bxg2 (23... Qxa8 24.
Ne3 $18) 24. Rd1 $18 {ist auch nicht von der Hand zu weisen. Mit Ne3 kann ggf.
g2 gedeckt werden.}) 23... Qxd5 24. Bxg4 Rd8 25. Bf3 $6 (25. Bc7 $1 Rc8 26. Ne3
Qb7 27. Rc1 $18 {ist für einen Menschen nicht so leicht zu sehen.}) 25... Qc5
26. b3 Kg8 27. Re1 Bf6 28. Bd6 Qd4 29. Rd1 Qc3 30. Qxc3 Bxc3 31. Be7 Re8 32.
Rxd7 1-0

[Event "Biel GM"]
[Site "Biel"]
[Date "2002.07.30"]
[Round "8"]
[White "Vallejo Pons, Francisco"]
[Black "Dreev, Alexey"]
[Result "1/2-1/2"]
[WhiteElo "2648"]
[BlackElo "2676"]
[Annotator "Lutz,C"]
[PlyCount "84"]
[EventDate "2002.07.22"]
[EventType "tourn"]
[EventRounds "10"]
[EventCountry "SUI"]
[EventCategory "16"]
[SourceTitle "CBM 091"]
[Source "ChessBase"]
[SourceDate "2002.11.12"]
[SourceVersion "1"]
[SourceVersionDate "2002.11.12"]
[SourceQuality "1"]

1. d4 d5 2. c4 c6 3. Nf3 Nf6 4. Nc3 e6 5. Bg5 h6 6. Bh4 dxc4 7. e4 g5 8. Bg3 b5
9. Be2 Bb7 10. h4 g4 11. Ne5 h5 12. O-O Nbd7 13. Qc2 Nxe5 14. Bxe5 Bg7 15. Rad1
O-O 16. Bg3 $5 {Der kritische Zug an dieser Stelle, obwohl er bislang erst
zwei Mal gespielt wurde. Häufiger wurde 16.f3 gewählt, was jedoch meistens
sofort mit einem Remisschluss endete.} (16. f3 Nh7 $1 17. Bxg7 Kxg7 18. fxg4 (
18. g3 $5) 18... Qxh4 19. gxh5 Ng5 20. Qd2 (20. Bf3 $2 f5 $1 21. d5 $6 fxe4 22.
dxe6 exf3 23. e7 Rf6 24. Rd8 Nh3+ $1 $19 {0-1 Halkias,S-Asrian,K/Ohrid 2001/
CBM 84/[Lutz] (38)}) 20... Nh3+ 21. gxh3 Qg3+ 22. Kh1 Qxh3+ 23. Kg1 Qg3+ 24.
Kh1 Qh3+ {1/2-1/2 Van Wely,L-Lautier,J/Monte Carlo 2000/CBM 76/[Lutz] (24)})
16... Nd7 (16... Nh7 $6 17. e5 f5 18. exf6 Qxf6 19. f3 Qf5 20. Qd2 Qg6 21. fxg4
hxg4 22. Qe3 Rf5 23. Ne4 c5 $1 24. Nxc5 Bd5 25. a4 Raf8 26. axb5 Rf3 $1 27.
gxf3 gxf3 28. Kh2 $13 {1-0 Kramnik,V-Akopian,V/Dortmund 2000/CBM 78/[Lutz] (41)
}) 17. f3 $146 {Die Neuerung. Weiß knabbert sofort den geschwächten schwarzen
Königsflügel an, Schwarz sucht jetzt das sofortige Gegenspiel im Zentrum.} (17.
e5 c5 18. Ne4 Bxe4 19. Qxe4 Qb6 20. d5 exd5 21. Qxd5 Rad8 22. Qe4 Nxe5 23. Bxe5
Qe6 24. f4 gxf3 25. Rxd8 Rxd8 26. Qxf3 Bxe5 $17 27. Qxh5 Bd4+ 28. Kh1 Rd5 29.
Qf3 Re5 30. Bd1 Re3 31. Qa8+ Kg7 {0-1 Goldin,A-Khenkin,I/New York 2000/CBM 76
ext (31)}) 17... Qb6 18. Kh1 e5 19. d5 {Weiß beschließt, den Lg7 vorerst
kaltzustellen.} ({Nach} 19. dxe5 Nxe5 20. fxg4 hxg4 21. Bxe5 (21. Qc1 Rae8)
21... Bxe5 22. Qc1 (22. Bxg4 Qe3) 22... Bg7 {wären die schwarzen Bauern am
Königsflügel auf ein Minimum reduziert, aber der Lg7 bietet genügend Schutz, z.
B.} 23. Bxg4 b4 24. Ne2 c5 25. Qxc4 Qh6 26. g3 Rae8 {mit gutem Spiel.}) 19...
cxd5 20. Nxd5 Bxd5 21. Rxd5 Rad8 22. fxg4 hxg4 23. Bxg4 Nf6 {Weiß hat den
Bauern zurückgewonnen, aber das Problem ist, das sein weißfeldriger Läufer
ziemlich passiv ist und Schwarz auf der d-Linie aktiv ist. Vom Standpunkt der
Eröffnungstheorie kann also 17.f3 auch nicht überzeugen.} 24. Rxd8 Rxd8 25. Bf3
Qe3 26. Rf2 $2 {Weiß muss die schwarze Dame sofort neutralisieren. Der Textzug
ist zu passiv.} (26. Qc3 $1 Qxc3 (26... Qh6 27. Qxe5) 27. bxc3 Rd3 28. Bxe5 Nd7
29. Bxg7 Kxg7 30. Rb1 a6 31. a4 bxa4 32. Rb4 Rxc3 33. Rxa4 Rc1+ 34. Kh2 {
und das Endspiel sollte mit einem Unentschieden enden.}) 26... Rd3 {Jetzt
dringt Schwarz in die weiße Stellung ein.} 27. Re2 Qh6 28. b3 Nh5 29. Be1 Nf4
30. bxc4 Bf6 31. g3 (31. cxb5 Bxh4 32. Kg1 Nxe2+ $17) 31... Rxf3 32. gxf4 Bxh4
33. Rg2+ Bg3+ $2 ({Vermutlich waren beide Aktuere hier in Zeitnot, daher ist
es verständlich, dass Dreev nicht seinen König auf die selbe Linie wie die
Dame stellen will. Jedoch hätte er dann gewonnen:} 33... Kh7 $19 34. Bxh4 (34.
Rh2 Rf1+) 34... Rf1+ 35. Rg1 Qxh4+ 36. Kg2 Rxf4 {nebst ...Rg4}) (33... Kf8 $5
34. Bb4+ Be7+ 35. Rh2 Qxf4 $19 {gewinnt ebenfalls.}) 34. Kg1 $11 {Da der
schwarze Läufer sich jetzt selbst gefesselt hat, ist kein Gewinn mehr möglich.}
exf4 35. cxb5 Qb6+ 36. Bf2 Qe6 37. Qe2 Ra3 38. Qh5 Qxe4 39. Qg5+ Qg6 40. Qxg6+
fxg6 41. Bxg3 fxg3 42. Rb2 Kf7 1/2-1/2

[Event "Tilburg Fontys"]
[Site "Tilburg"]
[Date "1998.11.02"]
[Round "9"]
[White "Kortschnoj, Viktor Lvovich"]
[Black "Kramnik, Vladimir"]
[Result "0-1"]
[WhiteElo "2625"]
[BlackElo "2780"]
[Annotator "Lutz,C"]
[PlyCount "62"]
[EventDate "1998.10.23"]
[EventType "tourn"]
[EventRounds "11"]
[EventCountry "NED"]
[EventCategory "18"]
[SourceTitle "EXT 1999"]
[Source "ChessBase"]
[SourceDate "1998.11.16"]
[SourceVersion "1"]
[SourceVersionDate "1998.11.16"]
[SourceQuality "1"]

1. d4 {Ftacnik} d5 2. c4 c6 3. Nf3 Nf6 4. Nc3 e6 5. Qb3 dxc4 6. Qxc4 b5 7. Qb3
Nbd7 8. Bg5 Be7 9. e4 $5 $146 {[%mdl 8] '?!' Ftacnik. Ftacnik: 'Kortschnoj is
courageous as ever, but the problem is not in the temporary loss of the pawn.
White pieces will lose coordination and he will have to strive for
compensation.' Ein interessantes Bauernopfer, das ungefähr gleiches Spiel
verspricht.} (9. e3 {0-1 Adianto,U-Shabalov,A/New York 1994/CBM 40 ext (24)}) (
9. Rd1 {1/2-1/2 Kharitonov,A-Dolmatov,S/Sverdlovsk 1984/MCL (21)}) 9... b4 10.
Bxf6 (10. Ne2 {Ftacnik} Nxe4 11. Bxe7 Qxe7 12. Qc2 Nd6 13. Qxc6 Bb7 14. Qa4 Nc4
(14... O-O 15. Qxb4 Bxf3 16. gxf3 Rab8 17. Qa3 $13) 15. Ne5 Ncxe5 16. dxe5 O-O
$15) 10... Nxf6 (10... Bxf6 {Ftacnik} 11. Qxb4 Rb8 12. Qa4 Rxb2 13. e5 $14) 11.
Na4 Nxe4 12. Bd3 (12. Qc2 {Ftacnik} Nf6 13. Ne5 Bb7 14. Nxc6 Qc7 15. Bb5 O-O (
15... Nd7 16. Rc1 Rc8 17. Qd2 Bd6 18. Rc4 $14) 16. Nxe7+ Qxe7 17. O-O Rab8 $15)
12... Nf6 (12... Qd5 $5 {Ftacnik} 13. Qc2 Nf6 14. O-O O-O $15) 13. O-O {
Die weiße Kompensation stützt sich auf die Schwächen in der schwarzen Struktur
und den leichten Entwicklungsvorsprung.} O-O (13... Qd5 $5 {Ftacnik}) 14. Rac1
{Ftacnik: 'The control of the squares c5,e5 is suffiecient , but black has two
bishops and no weaknesses (except for c6 pawn).'} a5 (14... Qd5 {Ftacnik} 15.
Bc4 Qh5 16. Rfe1 Rd8 $15) 15. Rfd1 (15. Rxc6 Bb7) 15... Bd6 (15... Bb7 {Ftacnik
} 16. Ne5 Rc8 17. Nc5 $15) 16. Ne5 (16. Rxc6 Bb7) 16... Nd5 $5 (16... Bb7 17.
Nxc6 (17. Nxc6 {Ftacnik} Qc7 18. Ne5 Bd5 19. Bc4 Rac8 20. Qe3 Qa7 $15)) 17. Qc2
g6 18. Qxc6 Ra7 19. Nc5 {Ftacnik: 'The knight on a4 was not very well located,
finally white can claim that his pieces are working together again.'} (19. Be4
{Ftacnik} Rc7 20. Qa8 (20. Qb5 $2 Bxe5 21. dxe5 Bd7 $19) 20... Nf4 21. Kh1 Rxc1
22. Rxc1 Ne2 23. Re1 (23. Nc6 Qh4 $19) 23... Nxd4 $17) 19... Rc7 20. Qb5 (20.
Qa8 {Ftacnik} Nf4 21. Qe4 Qg5 $15) 20... Bxe5 21. dxe5 Qg5 22. Be4 $2 {'?!'
Ftacnik. Kortschnoj bricht plötzlich zusammen.} (22. Re1 $5 $11 {sollte zu
ausgeglichenem Spiel führen, z.B.:} Nf4 (22... Bb7 23. h4) 23. g3) (22. Qxa5 {
Ftacnik} Bb7 $1 (22... Qxe5 23. Rc2 $14) 23. h4 (23. Rc2 Ra8 24. Qb5 Nc3 $1 25.
f4 Qh5 $17) 23... Qxh4 24. Nxb7 Rxb7 25. Rc4 Qh5 $11) 22... Bb7 23. g3 $2 (23.
Bf3 $2 Nc3) (23. Qxa5 {Ftacnik} Qxe5 24. Bxd5 (24. Nxb7 Rxc1 25. Rxc1 Qxe4 26.
Qc5 Nf4 27. Qc6 Qxc6 28. Rxc6 Ra8 $17) 24... Bxd5 25. Qxb4 Rfc8 26. Qa3 Bxg2
27. Kxg2 Rxc5 $15) 23... Qxe5 {Auf einmal hängen die weißen Figuren in der
Luft.} 24. Re1 {Ftacnik: 'White has lost the string of the fight and Kramnik
not only won the pawn, but managed to improve all his pieces. '} (24. Nxb7 Qxe4
25. Nc5 Qe5 $17) (24. Bxd5 {Ftacnik} Bxd5 25. Qxa5 Rfc8 26. Qxb4 Qd6 $19) 24...
Rfc8 25. Bxg6 {'?!' Ftacnik.} (25. Qxa5 {Ftacnik} f5 26. Bd3 (26. Bg2 Rxc5 $19)
26... Rxc5 27. Rxe5 Rxa5 $19) (25. Nd3 {Ftacnik} Rxc1 26. Nxc1 (26. Nxe5 Rxe1+
27. Kg2 Ne3+ 28. fxe3 (28. Kf3 Bxe4+ 29. Kxe4 Nc4+ $19) 28... Bxe4+ 29. Kh3
Rxe3 $19) 26... Bc6 $17) 25... Qxb2 $17 (25... Qd4 {Ftacnik} 26. Nb3 Qxb2 27.
Rxc7 Rxc7 28. Be4 $13) 26. Bd3 $6 (26. Rb1 $142) 26... Nc3 $19 {Ftacnik:
'White must be in dire straits, since now the communication between his forces
is to great deal disabled.'} 27. Bxh7+ (27. Qb6 Rxc5 28. Qxb7 Ne2+ 29. Rxe2
Rxc1+ $19) 27... Kh8 28. Qd3 (28. Qf1 Rxc5 29. Rc2 Qa3 $19) 28... Ne2+ {
Schwarz kann sich den Gewinn bereits aussuchen.} (28... Rxc5 29. Rc2 Qa3 $19)
29. Qxe2 Qxe2 30. Rxe2 Kxh7 31. Rec2 Bd5 (31... Bd5 32. h4 a4 {/\ .. b4-b3})
0-1